White papers of Japan 1994 - 1995: Annual abstracts of official reports and statistics of the Japanese government

Bewaard in:
Bibliografische gegevens
Formaat: Boek
Taal:Undetermined
Gepubliceerd in: Tokyo, Japan JIIA 1996
Onderwerpen:
Tags: Voeg label toe
Geen labels, Wees de eerste die dit record labelt!
Thư viện lưu trữ: Trung tâm Học liệu Trường Đại học Cần Thơ
LEADER 00639nam a2200157Ia 4500
001 CTU_29904
008 210402s9999 xx 000 0 und d
082 |a 330.952 
082 |b W582 
245 0 |a White papers of Japan 1994 - 1995: Annual abstracts of official reports and statistics of the Japanese government 
260 |a Tokyo, Japan 
260 |b JIIA 
260 |c 1996 
650 |a agriculture - japan,international economic relationships,japan - economic aspects,japan - economic conditions,japan - economic policy,japan - environmental aspects 
904 |i Minh, 990506 
980 |a Trung tâm Học liệu Trường Đại học Cần Thơ